Digital marketing strategies applied by beauty product businesses in Taytay, Rizal (Record no. 67843)

MARC details
000 -LEADER
fixed length control field 00983nam a22002417a 4500
003 - CONTROL NUMBER IDENTIFIER
control field urs
005 - DATE AND TIME OF LATEST TRANSACTION
control field 20230118162121.0
008 - FIXED-LENGTH DATA ELEMENTS--GENERAL INFORMATION
fixed length control field 230118b |||||||| |||| 00| 0 eng d
100 ## - MAIN ENTRY--PERSONAL NAME
9 (RLIN) 3308
Personal name Dogtong, Marites H.
Relator term author
245 ## - TITLE STATEMENT
Title <a href="Digital marketing strategies applied by beauty product businesses in Taytay, Rizal">Digital marketing strategies applied by beauty product businesses in Taytay, Rizal</a>
Statement of responsibility, etc Dogtong, Marites H., Esteroza, Abigail N., Magdula, Ana Marie C., Sotto, Lady Jane B.
260 ## - PUBLICATION, DISTRIBUTION, ETC. (IMPRINT)
Date of publication, distribution, etc 2021
300 ## - PHYSICAL DESCRIPTION
Extent xiv, 86 leaves
Dimensions 28 cm
336 ## - CONTENT TYPE
Source rdacontent
Content type term text
337 ## - MEDIA TYPE
Source rdamedia
Media type term unmedia
338 ## - CARRIER TYPE
Source rdacarrier
Carrier type term volume
502 ## - DISSERTATION NOTE
Dissertation note Thesis
Degree type Bachelor of science in Business Administration major in Marketing Management
Name of granting institution University of Rizal System Binangonan
Year degree granted 2021
504 ## - BIBLIOGRAPHY, ETC. NOTE
Bibliography, etc includes bibliographical references
700 ## - ADDED ENTRY--PERSONAL NAME
9 (RLIN) 3310
Personal name Esteroza, Abigail N.
Relator term author
700 ## - ADDED ENTRY--PERSONAL NAME
9 (RLIN) 3311
Personal name Magdula, Ana Marie C.
Relator term author
700 ## - ADDED ENTRY--PERSONAL NAME
9 (RLIN) 3312
Personal name Sotto, Lady Jane B.
Relator term author
700 ## - ADDED ENTRY--PERSONAL NAME
9 (RLIN) 1865
Personal name Sam Cedrick H. Calites, MM
Relator term adviser
942 ## - ADDED ENTRY ELEMENTS (KOHA)
Source of classification or shelving scheme Library of Congress Classification
Koha item type Theses and dissertations
Holdings
Withdrawn status Source of classification or shelving scheme Damaged status Not for loan Home library Current library Shelving location Date acquired Total Checkouts Barcode Date last seen Price effective from Koha item type
  Library of Congress Classification     Binangonan College Library Binangonan College Library Undergraduate Theses 01/18/2023   URSBIN-UGT2583 01/18/2023 01/18/2023 Theses and dissertations

University of Rizal System
Email us at univlibservices@urs.edu.ph

Visit our Website www.urs.edu.ph/library